Los movimientos y hábitos de las plantas trepadoras / Charles Darwin ; traducción e introducción Susana Pinar (Record no. 217029)
[ view plain ]
| 000 -CABECERA | |
|---|---|
| campo de control de longitud fija | 00905nam a2200253Ia 4500 |
| 001 - NÚMERO DE CONTROL | |
| campo de control | Z_5953 |
| 008 - DATOS DE LONGITUD FIJA--INFORMACIÓN GENERAL | |
| campo de control de longitud fija | 220601s9999 xx 000 0 und d |
| 020 ## - NÚMERO INTERNACIONAL ESTÁNDAR DEL LIBRO | |
| Número Internacional Estándar del Libro | 978-84-8319-459-1 |
| 082 ## - NÚMERO DE LA CLASIFICACIÓN DECIMAL DEWEY | |
| Número de clasificación | 635.974 D37 |
| 100 ## - ENTRADA PRINCIPAL--NOMBRE DE PERSONA | |
| Nombre de persona | Darwin, Charles, 1809-1882 |
| 9 (RLIN) | 143526 |
| 245 ## - MENCIÓN DE TÍTULO | |
| Título | Los movimientos y hábitos de las plantas trepadoras / Charles Darwin ; traducción e introducción Susana Pinar |
| 260 ## - PUBLICACIÓN, DISTRIBUCIÓN, ETC. | |
| Lugar de publicación, distribución, etc. | España : Catarata : CSIC : UNAM : AMC |
| 300 ## - DESCRIPCIÓN FÍSICA | |
| Extensión | 198 p. |
| 440 ## - MENCIÓN DE SERIE/PUNTO DE ACCESO ADICIONAL--TÍTULO | |
| Título | Biblioteca darwiniana |
| 9 (RLIN) | 124619 |
| 500 ## - NOTA GENERAL | |
| Nota general | Traducido de la obra en inglés: The movements and habits of climbing plants |
| 503 ## - NOTA DE HISTORIA BIBLIOGRÁFICA (BK CF MU) [OBSOLETO] | |
| Nota de historia bibliográfica | ej.1: C/E |
| 650 ## - PUNTO DE ACCESO ADICIONAL DE MATERIA--TÉRMINO DE MATERIA | |
| Término de materia o nombre geográfico como elemento de entrada | 1. Plantas trepadoras 2. Plantas - Irritabilidad y movimientos |
| 9 (RLIN) | 182955 |
| 700 ## - PUNTO DE ACCESO ADICIONAL--NOMBRE DE PERSONA | |
| Nombre de persona | I. Pinar, Susana, tr.Ì |
| 9 (RLIN) | 182956 |
| 901 ## - ELEMENTOS DE DATOS A LOCAL LDA (RLIN) | |
| a | 635.974 D37 |
| 902 ## - ELEMENTOS DE DATOS B LOCAL, LDB (RLIN) | |
| a | M |
| 905 ## - ELEMENTOS DE DATOS E LOCAL, LDE (RLIN) | |
| a | 000000c2009 sp a 0000000000spa00 |
| 942 ## - ELEMENTOS DE PUNTO DE ACCESO ADICIONAL (KOHA) | |
| Tipo de ítem Koha | Libro_ |
| Estado de retiro | Estado de pérdida | Fuente del sistema de clasificación o colocación | Estado dañado | No para préstamo | Código de colección | Localización permanente | Ubicación/localización actual | Ubicación en estantería | Fecha de adquisición | Total de préstamos | Código de barras | Fecha visto por última vez | Número de copia | Precio válido a partir de | Tipo de ítem Koha |
|---|---|---|---|---|---|---|---|---|---|---|---|---|---|---|---|
| Dewey Decimal Classification | General | Zootecnia | Zootecnia | 28/09/2011 | z_0513 | 02/06/2022 | 1 | 02/06/2022 | Libro |
